|
|
|
|
| LEADER |
00000nab a2200000 a 4500 |
| 001 |
vtls000730452 |
| 003 |
SK-MaSNL |
| 005 |
20260305002002.0 |
| 008 |
240311c20041002xo dr|p|||||||000 b|slo |
| 015 |
|
|
|a SNBR2004/10
|2 snkbucl
|
| 040 |
|
|
|a SNKBUCL
|b slo
|c SNKBUCL
|e AACR2
|
| 041 |
0 |
|
|a slo
|
| 044 |
|
|
|a xo
|c SK
|
| 080 |
|
|
|a 82:929:821.162.4
|2 UDC-MRF-SK2
|
| 080 |
|
|
|a 929 Hevier, Daniel
|2 UDC-MRF-SK2
|
| 100 |
1 |
|
|a Bohušová, Dagmar
|4 ivr
|4 aut
|9 1020726
|
| 245 |
1 |
0 |
|a Daniel Hevier:
|b Sloboda je cenná vecička
|c Dagmar Bohušová
|
| 300 |
|
|
|b Fotogr.
|
| 600 |
1 |
7 |
|a Hevier, Daniel,
|d 1955-
|2 snkbucl
|9 103400
|
| 700 |
1 |
|
|a Hevier, Daniel,
|d 1955-
|4 ive
|4 aut
|9 103400
|
| 773 |
0 |
|
|t Národná obroda
|g Roč. XV, č. 228 (2.10.2004)
|x 1335-4671
|
| 773 |
0 |
|
|i Príl.:
|t Víkend (2004), s. II
|
| 852 |
|
|
|a SNK
|b KIS3GCP
|
| 958 |
|
|
|a LX
|
| 958 |
|
|
|a BX
|
| 999 |
|
|
|c 3223013
|d 3224943
|